000
00141nam a22000857a 4500
082
_a
823
100
_a
ANANT PAI
245
_a
TINKLE
942
_c
BK
999
_c
8317
_d
8317